Podpora zrakovo postihnutých pri tvorbe webovej stránky diplomová práca

Salvato in:
Dettagli Bibliografici
Autore principale: Heizerová, Hana
Ente Autore: Fakulta hospodárskej informatiky EU. Katedra aplikovanej informatiky
Altri autori: Kultan, Jaroslav, 1960-
Natura: Libro
Lingua:slovacco
Pubblicazione: Bratislava 2023
Tags: Aggiungi Tag
Nessun Tag, puoi essere il primo ad aggiungerne!!

MARC

LEADER 00000nbm a2200000 4500
001 0294063
005 20240226112646.4
041 0 |a slo 
044 |a SK 
245 1 0 |a Podpora zrakovo postihnutých pri tvorbe webovej stránky  |b diplomová práca  |c Hana Heizerová ; školiteľ: Jaroslav Kultan 
264 1 |a Bratislava  |c 2023 
300 |a 111 s. 
100 1 |a Heizerová, Hana 
700 1 |a Kultan, Jaroslav, 1960- 
710 2 |a Fakulta hospodárskej informatiky EU. Katedra aplikovanej informatiky